Parcours des vainqueurs de la Ligue des Champions (depuis 2006-2007) - Statistiques

Statistiques générales
  • Ce quiz a été pris 962 fois
  • Le résultat moyen est 36 sur 44
Statistiques - réponses
Edition Parcours Vainqueur Adversaire Score aller / retour % Correct
2007 Quart de finale AC Milan Bayern Munich 2-2 ; 2-0
96%
2009 Quart de finale FC Barcelone Bayern Munich 4-0 ; 1-1
96%
2010 Finale Inter Milan Bayern Munich 2-0
96%
2012 Finale Chelsea Bayern Munich 1-1 (4-3 tab)
96%
2014 Demi-finale Real Madrid Bayern Munich 1-0 ; 4-0
96%
2015 Demi-finale FC Barcelone Bayern Munich 3-0 ; 2-3
96%
2017 Quart de finale Real Madrid Bayern Munich 2-1 ; 4-2 a.p.
96%
2013 Quart de finale Bayern Munich Juventus 2-0 ; 2-0
96%
2015 Finale FC Barcelone Juventus 3-1
96%
2017 Finale Real Madrid Juventus 4-1
96%
2014 Finale Real Madrid Atlético Madrid 4-1 a.p.
95%
2016 Finale Real Madrid Atlético Madrid 1-1 (5-3 tab)
95%
2017 Demi-finale Real Madrid Atlético Madrid 3-0 ; 1-2
95%
2008 Demi-finale Manchester United FC Barcelone 0-0 ; 1-0
94%
2010 Demi-finale Inter Milan FC Barcelone 3-1 ; 0-1
94%
2012 Demi-finale Chelsea FC Barcelone 1-0 ; 2-2
94%
2013 Demi-finale Bayern Munich FC Barcelone 4-0 ; 3-0
94%
2015 Quart de finale FC Barcelone Paris Saint-Germain 3-1 ; 2-0
94%
2008 Finale Manchester United Chelsea 1-1 (6-5 tab)
93%
2009 Demi-finale FC Barcelone Chelsea 0-0 ; 1-1
93%
2010 Huitième de finale Inter Milan Chelsea 2-1 ; 1-0
93%
2007 Finale AC Milan Liverpool 2-1
93%
2013 Finale Bayern Munich Borussia Dortmund 2-1
92%
2014 Quart de finale Real Madrid Borussia Dortmund 3-0 ; 0-2
92%
2007 Demi-finale AC Milan Manchester United 2-3 ; 3-0
92%
2009 Finale FC Barcelone Manchester United 2-0
92%
2011 Finale FC Barcelone Manchester United 3-1
92%
2015 Huitième de finale FC Barcelone Manchester City 2-1 ; 1-0
88%
2016 Demi-finale Real Madrid Manchester City 0-0 ; 1-0
88%
2011 Demi-finale FC Barcelone Real Madrid 2-0 ; 1-1
86%
2008 Huitième de finale Manchester United Olympique lyonnais 1-1 ; 1-0
83%
2009 Huitième de finale FC Barcelone Olympique lyonnais 1-1 ; 5-2
83%
2011 Huitième de finale FC Barcelone Arsenal 1-2 ; 3-1
82%
2013 Huitième de finale Bayern Munich Arsenal 3-1 ; 0-2
82%
2008 Quart de finale Manchester United AS Rome 2-0 ; 1-0
67%
2016 Huitième de finale Real Madrid AS Rome 2-0 ; 2-0
67%
2012 Huitième de finale Chelsea Naples 1-3 ; 4-1
64%
2017 Huitième de finale Real Madrid Naples 3-1 ; 3-1
64%
2012 Quarts de finale Chelsea Benfica Lisbonne 1-0 ; 2-1
61%
2014 Huitième de finale Real Madrid Schalke 04 6-1 ; 3-1
53%
2016 Quart de finale Real Madrid VfL Wolfsbourg 0-2 ; 3-0
34%
2010 Quart de finale Inter Milan CSKA Moscou 1-0 ; 1-0
26%
2007 Huitième de finale AC Milan Celtic Glasgow 0-0 ; 1-0 a.p.
21%
2011 Quart de finale FC Barcelone Chakhtar Donetsk 5-1 ; 1-0
16%
Aucun quiz correspondant
Distribution des résultats
% des personnes avec chaque résultat
Percentile par nombre de réponses
Votre historique - résultats
Vous n’avez pas pris ce quiz